CLINICAL RESEARCH PROTOCOLS FOR TRADITIONAL HEALTH SCIENCES (Record no. 8663)

MARC details
000 -LEADER
fixed length control field 00371nam a22001337a 4500
003 - CONTROL NUMBER IDENTIFIER
control field SGT
082 ## - DEWEY DECIMAL CLASSIFICATION NUMBER
Classification number 612
Item number C10M
100 ## - MAIN ENTRY--PERSONAL NAME
Personal name I MINISTRY OF HEALTH & FAMILY WELFARE
245 ## - TITLE STATEMENT
Title CLINICAL RESEARCH PROTOCOLS FOR TRADITIONAL HEALTH SCIENCES
260 ## - PUBLICATION, DISTRIBUTION, ETC. (IMPRINT)
Place of publication, distribution, etc DELHI
Name of publisher, distributor, etc I MINISTRY OF HEALTH & FAMILY WELFARE
Year of Publication 2010
300 ## - PAGE DESCRIPTION
No. of Pages 1090
650 ## - SUBJECT ADDED ENTRY--TOPICAL TERM
Topical term or geographic name as entry element CLINICAL RESEARCH
942 ## - ADDED ENTRY ELEMENTS (KOHA)
Source of classification or shelving scheme Dewey Decimal Classification
Koha item type Books
Holdings
Withdrawn status Lost status Source of classification or shelving scheme Damaged status Use restrictions Not for loan Collection code Home library Current library Shelving location Date acquired Vendor Name Cost, normal purchase price SGTU Bill Number Full call number Accession No. (Barcode) Date last seen Bill Date Koha item type
    Dewey Decimal Classification   Restricted Access   AYURVEDA SGT FA-FP Library SGT FA-FP Library Reference Book 30/03/2016 C.C.R.A.S 1400.00 SGTU 14293 612 C10M FA4658 30/03/2016 13/01/2016 Books
    Dewey Decimal Classification   Restricted Access   AYURVEDA SGT FA-FP Library SGT FA-FP Library Reference Book 30/03/2016 C.C.R.A.S 1400.00 SGTU 14293 612 C10M FA4659 30/03/2016 13/01/2016 Books